Movimientos populares en Italia (Record no. 136614)

MARC details
000 -LEADER
campo de control de longitud fija 00607nam a2200193 4500
001 - NÚMERO DE CONTROL
campo de control 136614
003 - IDENTIFICADOR DE NÚMERO DE CONTROL
campo de control ES-MaACL
007 - CAMPO FIJO DE DESCRIPCIÓN FÍSICA--INFORMACIÓN GENERAL
campo de control de longitud fija t|
008 - DATOS DE LONGITUD FIJA--INFORMACIÓN GENERAL
campo de control de longitud fija 070214s1983 sp r ||||1| spa d
100 1# - ENTRADA PRINCIPAL--NOMBRE DE PERSONA
Nombre de persona Rutenburg, Viktor.
9 (RLIN) 101065
245 10 - MENCIÓN DEL TÍTULO
Título Movimientos populares en Italia
Resto del título : siglos XIV-XV /
Mención de responsabilidad, etc. Viktor Rutenburg ; traducción: José Fernández.
260 ## - PUBLICACIÓN, DISTRIBUCIÓN, ETC.
Lugar de publicación, distribución, etc. Madrid :
Nombre del editor, distribuidor, etc. Akal,
Fecha de publicación, distribución, etc. 1983.
300 ## - DESCRIPCIÓN FÍSICA
Extensión 255 p. ;
Dimensiones 22 cm.
490 1# - MENCIÓN DE SERIE
Mención de serie Akal universitaria ;
Designación de volumen o secuencia 51
700 1# - ENTRADA AGREGADA--NOMBRE PERSONAL
Nombre de persona Fernández, José.
9 (RLIN) 49383
830 0# - PUNTO DE ACCESO ADICIONAL DE SERIE-TÍTULO UNIFORME
Título uniforme Akal universitaria ;
Designación de volumen o secuencia 51
9 (RLIN) 177901
852 ## - LOCALIZACIÓN
Ubicación ES-MaACL
Número de control de estantería L-4956
Sublocalización o colección R.105195
Holdings
Estatus retirado Estado de pérdida Estado de daño No para préstamo Biblioteca de origen Biblioteca actual Ubicación en estantería Fecha de adquisición Fuente de adquisición Total de préstamos Signatura topográfica completa Código de barras Visto por última vez Precio de reemplazo Tipo de ítem Koha
        Biblioteca del Ateneo de Madrid Biblioteca del Ateneo de Madrid Depósito 2 17/01/2008     L-4956 1142177 23/02/2023 23/02/2023 Libro impreso